trouve les plus grandes villes du monde - Statistiques

Statistiques générales
  • Ce quiz a été pris 29 fois
  • Le résultat moyen est 13 sur 15
Statistiques - réponses
Hint Réponse % Correct
etats unis New York
100%
japon Tokyo
100%
inde Delhi
90%
egypte le caire
90%
mexique Mexico
90%
chine pekin
90%
bresil São Paulo
90%
chine Shanghai
90%
indonesie Jakarta
86%
thailande Bangkok
81%
philippines manille
81%
nigeria lagos
71%
chine canton
67%
inde mumbai
67%
bangladesh dacca
57%
Aucun quiz correspondant
Distribution des résultats
% des personnes avec chaque résultat
Percentile par nombre de réponses
Votre historique - résultats
Vous n’avez pas pris ce quiz